000 00833nam a2200205 a 4500
003 0
005 20250505123137.0
008 050808s19uu xx 00 eng d
050 _aPHS GV 1469.15
_b.O73 2005
100 _aOrdoñez, Danielle R.
245 _aProfile of 4th year high school students who play role playing games /
_cDanielle R. Ordoñez.
260 _aLas Piñas City, Philippines :
_bSouthville International School and Colleges,
_c2005.
300 _a20 pages :
_billustrations ;
_c28 cm.
504 _aIncludes bibliographical references.
650 _2Library of Congress Subject Headings
_aRole playing
_xSocial aspects
_zPhilippines.
650 _2Library of Congress Subject Headings
_aGames
_xPsychological aspects.
650 _aVideo games and teenagers
_zPhilippines.
942 _2lcc
_cPASS
999 _c97278
_d97278